Presidents that Beat Donald Trump - Statistics

General Stats
  • This quiz has been taken 267 times
  • The average score is 13 of 19
Answer Stats
Rank Category US Presidents % Correct
2 Most recent president Biden
100%
11 (t) Shortest presidency W. H. Harrison | Garfield | Taylor | Harding | Ford | Fillmore | Kennedy | A. Johnson | Tyler
93%
4 Born most recently Obama | Clinton | G. W. Bush
85%
11 Most votes received in the state of New York Biden | L. Johnson | Obama | Eisenhower | Nixon | Kennedy | Clinton | Reagan | Carter | F. Roosevelt
78%
2 Oldest at end of presidency Reagan
76%
6 (t) Shortest last name Polk | Taft | Ford | G. H. W. Bush | G. W. Bush
75%
3 Worst rated (Siena 2018 poll) A. Johnson | Buchanan
71%
5 Last alphabetically Wilson | Washington | Van Buren | Tyler
69%
9 Easternmost birthplace G. H. W. Bush | J. Q. Adams | J. Adams | Kennedy | Pierce | Coolidge | G. W. Bush | Arthur
68%
5 Earliest born in New York Van Buren | Fillmore | T. Roosevelt | F. Roosevelt
67%
11 (t) Least formal education Washington | Monroe | Jackson | Van Buren | W. H. Harrison | Taylor | Fillmore | Lincoln | A. Johnson | Cleveland
67%
7 First to have married more than once Tyler | Fillmore | B. Harrison | T. Roosevelt | Wilson | Reagan
61%
8 Smallest propotion of popular vote when elected J. Q. Adams | Lincoln | Wilson | Clinton | Nixon | Buchanan | Cleveland
58%
7 Most judicial nominees Reagan | Clinton | Obama | G. W. Bush | Carter | Nixon
56%
3 (t) Lowest final approval rating (in a Gallup poll) Nixon | Truman
51%
2 Greatest increase of national debt Obama
51%
5 First to have never been elected to public office Taylor | Grant | Hoover | Eisenhower
51%
3 Most books authored Carter | T. Roosevelt
50%
2 Most memorable upset victory Truman
35%
No matching quizzes found
Score Distribution
Percent of People with Each Score
Percentile by Number Answered
Your Score History
You have not taken this quiz